00577nam a22001937a 450000500170000001000150001702000280003202000230006003500130008303700130009608200080010910000230011724500940014026000350023427000440026930000200031349000300033370000200036320150622164752.0 aENG-113093 a978818789188802c400.00 a8187891882c400.00 aEN-96625 bDBAD/PUB a510 aPalit, Chittabrata aAsutosh Mookerjee: cby Chittabrata Palit [and] Abhinandan Dasbmathesis of mathematics / bReaders Servicec2010aKolkata bKolkatae700075a59/5A, Garfa Main Road a288p.c22cm(Hb) aNational science series 6 aDas, Abhinandan